00313nam a2200121Ia 4500008004100000041000800041082001500049100001500064245004500079260004300124300001700167365000700184240624s9999 xx 000 0 und d aeng a005.74 POO aPOOLE JOHN aCOMMON WAREHOUSE METAMODEL DEVELOPERS GU c2003aNew DelhibWiley Dreamtech India axxiii, : 716 cRS